000 00598nam a22001817a 4500
999 _c189481
_d189481
005 20220701155344.0
010 _aENG-133417
020 _a9789391370992
_c795.00
035 _aEN-116749
037 _bDBAD/PUB
082 _a327.101
100 _aMukhopadhyay, Amartya
245 _aInternational Relations:
_bTheories and Approaches/
_cAmartya Mukhopadhyay
260 _aNew Delhi
_bSage Publications India Pvt. Ltd
_c2021
270 _aB1/I-I Mohan Cooperative Industrial Area Mathura Road
_bNew Delhi
_e110044
300 _avp.
_c23cm(pbk)
942 _2ddc
_cEN
_h327.101
_mMUK